Chris Hemsworth Movies - Statistics

General Stats
  • This quiz has been taken 119 times
    79 since last reset
  • The average score is 13 of 35
Answer Stats
Hint Answer % Correct
2011 Thor
100%
2022 Thor: Love and Thunder
100%
2017 Thor: Ragnarok
100%
2013 Thor: The Dark World
100%
2015 Avengers: Age of Ultron
98%
2019 Avengers: Endgame
98%
2018 Avengers: Infinity War
98%
2012 The Avengers
98%
2020 Extraction
56%
2023 Extraction 2
56%
2016 Ghostbusters
47%
2019 Men in Black: International
44%
2011 The Cabin in the Woods
37%
2015 Vacation
33%
2018 12 Strong
26%
2016 Doctor Strange
26%
2018 Bad Times at the El Royale
25%
2012 Snow White and the Huntsman
23%
2012 Red Dawn
21%
2013 Rush
21%
2009 Star Trek
21%
2013 Star Trek Into Darkness
21%
2015 Blackhat
19%
2015 In the Heart of the Sea
19%
2024 Furiosa
14%
2016 The Huntsman: Winter's War
12%
2010 Ca$h
7%
TBD Untitled Hulk Hogan Biopic
7%
2009 A Perfect Getaway
4%
2022 Interceptor
4%
2026 Avengers: Secret Wars
2%
2019 Jay and Silent Bob Reboot
2%
2021 The Eternals
2%
2022 Spiderhead
0%
TBD Untitled Thor 5
0%
No matching quizzes found
Score Distribution
Percent of People with Each Score
Percentile by Number Answered
Your Score History
You have not taken this quiz since the last reset